[Event "Reykjavik Summit"]
[Site "Reykjavik"]
[Date "1990.??.??"]
[Round "?"]
[White "Olafsson, Helgi"]
[Black "Ivanchuk, Vassily"]
[Result "0-1"]
[WhiteElo "2575"]
[BlackElo "2665"]
[Annotator "Ribli,Z"]
[PlyCount "180"]
[EventDate "1990.03.??"]
[EventType "team"]
[EventRounds "6"]
[EventCountry "ISL"]
[SourceTitle "CBM 018"]
[Source "ChessBase"]
[SourceDate "1990.10.01"]
[SourceVersion "1"]
[SourceVersionDate "1990.10.01"]
[SourceQuality "1"]

1. c4 e5 2. g3 Nc6 3. Bg2 g6 4. Nc3 Bg7 5. Rb1 a5 6. a3 Nf6 7. d3 (7. e3 O-O 8.
Nge2 d6 9. b4 {Azmayparashvili,Z-Piket,Je/Groningen 1989 CBM/16}) 7... O-O 8.
Bg5 Nd4 $1 9. Nf3 Ne6 10. Bxf6 Bxf6 11. O-O Bg7 12. b4 f5 $1 13. Nd2 e4 $1 14.
Rc1 axb4 15. axb4 exd3 16. e3 $1 (16. exd3 Nd4) 16... c6 17. Qb3 d6 18. Rfd1
Ng5 19. Nf1 Be6 20. Rxd3 Nf7 21. f4 g5 22. Ne2 gxf4 23. gxf4 $1 Kh8 24. Nd4 Bd7
25. Ng3 Nh6 26. Nh5 Rg8 27. Nf3 Nf7 28. c5 d5 29. Nxg7 Rxg7 30. Qb2 Qe7 31. Kf2
Nh6 32. h3 Be8 33. Ra1 Rxa1 34. Qxa1 Bh5 35. Qe5 Bxf3 36. Qxe7 Rxe7 37. Bxf3
Kg7 38. Ra3 Ng8 39. Ke2 Nf6 40. Ra7 Kg6 41. Kd3 Nd7 42. Ra8 Kg7 43. Kd4 Nf8 44.
Rb8 Ne6+ 45. Kd3 Kf6 46. Bh5 $2 d4 47. Re8 Rg7 48. Bf3 Rg3 49. Ke2 Rxh3 50. Rb8
d3+ 51. Kf2 d2 52. Bd1 Rh2+ 53. Kg1 Rh3 54. Kf2 Nc7 55. Rxb7 Nd5 56. Ke2 Rxe3+
57. Kxd2 Re7 58. Rb8 Re4 59. b5 cxb5 60. Bf3 Rd4+ 61. Ke2 Nxf4+ 62. Ke3 Ne6 63.
Rxb5 Rc4 64. Rb7 (64. c6 Rc3+ 65. Kf2 Rxf3+ 66. Kxf3 Nd4+ $19) 64... Rxc5 65.
Be2 (65. Rxh7 Rc3+ 66. Kf2 Rxf3+ 67. Kxf3 Ng5+ $19) 65... Rc7 66. Rb5 Re7 67.
Rb6 Kg5 68. Bc4 Nf4+ 69. Kf3 Ng6 70. Be2 h5 71. Rb8 Rg7 72. Rb5 Rd7 73. Bc4 Re7
74. Bf1 h4 75. Bh3 Re5 76. Rxe5 Nxe5+ 77. Ke3 Ng6 78. Kf3 Kf6 79. Bf1 Ke5 80.
Bb5 Nf4 81. Bd7 Ne6 82. Bc8 Ng5+ 83. Ke3 Ne4 84. Kf3 Ng5+ 85. Ke3 h3 86. Bb7
f4+ 87. Kf2 Kd4 88. Ba8 Ne4+ 89. Kf3 Ke5 90. Bb7 Ng3 0-1

[Event "Nordic zt"]
[Site "Ostersund"]
[Date "1992.??.??"]
[Round "4"]
[White "Petursson, Margeir"]
[Black "Agdestein, Simen"]
[Result "0-1"]
[WhiteElo "2565"]
[BlackElo "2620"]
[Annotator "Ribli,Z"]
[PlyCount "232"]
[EventDate "1992.??.??"]
[EventType "swiss"]
[EventRounds "9"]
[EventCountry "NOR"]
[SourceTitle "CBM 031"]
[Source "ChessBase"]
[SourceDate "1992.12.01"]
[SourceVersion "1"]
[SourceVersionDate "1992.12.01"]
[SourceQuality "1"]

1. c4 e5 2. Nc3 Nc6 3. g3 g6 4. Bg2 Bg7 5. e3 h5 6. Nf3 $5 d6 7. d4 exd4 8.
Nxd4 Nge7 9. O-O (9. Nxc6 $6 Nxc6 (9... bxc6 $5) 10. h3 Be6 11. Qa4 $13 {
Cvetkovic,S-Kontic,V Vrnjacka Banja 1989 CBM/13 47/30}) 9... Bg4 10. Nxc6 bxc6
11. Qc2 Qd7 12. h4 (12. b3 Bh3 13. Bb2 h4 $36) 12... Bh3 13. Bxh3 (13. b3 $5)
13... Qxh3 14. Qe4 Rb8 15. Ne2 Qg4 16. Qxg4 hxg4 17. Rb1 c5 18. b3 Nc6 19. Kg2
Kd7 20. Nf4 a5 $15 21. Rh1 a4 22. Bd2 axb3 23. axb3 Ra8 24. Nd3 Ra2 25. Rhd1
Ne5 26. Bc3 Nxd3 27. Rxd3 Bxc3 28. Rxc3 Rha8 29. Rcc1 R8a3 30. h5 gxh5 31. Rh1
Ke6 32. Rxh5 Re2 33. Rh8 Raa2 34. Rf1 Rab2 35. Re8+ Kd7 36. Re4 Rxb3 37. Rh1
Rbb2 38. Rf4 Rxe3 39. Rxf7+ Re7 40. Rf4 Rg7 41. Rh4 c6 42. Rhxg4 Rxg4 43. Rxg4
d5 44. Rf4 Ke6 45. g4 Ke5 46. Rf8 dxc4 47. Kf3 c3 48. Ke3 c4 49. Ra8 Rb1 50.
f4+ Kd5 51. Ra2 Rg1 52. g5 Rg3+ 53. Kf2 Rh3 54. Kg2 Rd3 55. g6 Rd2+ 56. Rxd2+
cxd2 57. g7 d1=Q 58. g8=Q+ Kc5 59. Qf8+ Kb5 60. Qb8+ Ka4 61. Qa7+ Kb3 62. Qb6+
Kc2 63. Qf2+ Qd2 64. Qxd2+ Kxd2 65. f5 c3 66. f6 c2 67. f7 c1=Q 68. f8=Q Qc3
69. Kh1 Qh3+ 70. Kg1 Qe3+ 71. Kh1 Qh3+ 72. Kg1 Qe3+ 73. Kh1 c5 74. Qf2+ Kd3 75.
Qf1+ Kc3 76. Qf6+ Kb3 77. Qb6+ Kc2 78. Qg6+ Kc1 79. Qa6 Qe4+ 80. Kg1 Qd4+ 81.
Kf1 c4 82. Qa3+ Qb2 83. Qe3+ Kb1 84. Qe4+ Qc2 85. Qb7+ Qb3 86. Qf7 Qd1+ 87. Kf2
c3 88. Qc4 Qc1 89. Kg2 Qb2+ 90. Kf1 c2 91. Qe4 Qc1+ 92. Ke2 Qd1+ 93. Kf2 Kc1
94. Qc4 Qd2+ 95. Kf3 Qa5 96. Ke2 Qe5+ 97. Kd3 Qd6+ 98. Ke2 Qe7+ 99. Kd3 Qa3+
100. Ke2 Kb1 101. Qe4 Qa6+ 102. Kd2 Qd6+ 103. Ke2 Kb2 104. Qb7+ Kc1 105. Qe4
Qd2+ 106. Kf1 Qc3 107. Qd5 Kb2 108. Qb5+ Ka3 109. Qa6+ Kb3 110. Qb6+ Qb4 111.
Qe3+ Qc3 112. Qb6+ Qb4 113. Qe3+ Kb2 114. Qe2 Qf4+ 115. Kg1 Kc3 116. Qe1+ Kd3
0-1

[Event "RUS-ch"]
[Site "Elista"]
[Date "1994.??.??"]
[Round "4"]
[White "Khasin, Alexander"]
[Black "Svidler, Peter"]
[Result "1/2-1/2"]
[WhiteElo "2470"]
[BlackElo "2550"]
[Annotator "Ribli,Z"]
[PlyCount "74"]
[EventDate "1994.09.??"]
[EventType "swiss"]
[EventRounds "11"]
[EventCountry "RUS"]
[SourceTitle "CBM 044"]
[Source "ChessBase"]
[SourceDate "1995.02.01"]
[SourceVersion "1"]
[SourceVersionDate "1995.02.01"]
[SourceQuality "1"]

1. c4 e5 2. g3 Nc6 3. Bg2 g6 4. Nc3 Bg7 5. Rb1 d6 6. b4 a6 7. d3 h6 (7... Nge7
$5 8. e3 O-O 9. Nge2 Be6 10. Nd5 Rb8 11. Bd2 f5 $13 {Ribli,Z-Chernin,A/
Odorheiu Secuiesc/1993/CBM36/}) 8. e3 f5 9. Nge2 Nf6 10. Nd5 (10. O-O O-O 11.
a4 Ne7 12. b5 axb5 13. axb5 g5 14. f4 Ng6 $13 {Gonzalez,J-Browne,W/Saint John
op-2/1988/CBM06/}) 10... O-O 11. O-O Nh5 12. b5 (12. a4 $5) 12... axb5 13. cxb5
Ne7 14. a4 (14. Qc2 Nxd5 15. Bxd5+ Kh7 16. Bd2 Nf6 17. Bg2 Be6 18. a4 d5 19.
Rfc1 Rf7 20. d4 $14) 14... Kh7 15. Nxe7 Qxe7 16. Bb2 Qf7 17. Qc2 d5 18. Rfc1
Be6 19. a5 $2 (19. Qxc7 $1 Rxa4 20. Bxe5 $18) 19... Rfc8 (19... Rxa5 20. Qxc7
Qxc7 21. Rxc7 Rxb5 22. Nc3 Rb3 23. Bxd5 Bxd5 24. Nxd5 $14) 20. Bc3 Qd7 21. Qb2
Qd6 22. Ra1 Bd7 23. Bb4 Qe6 24. Qb3 Nf6 (24... c6 25. a6 $1 $14) (24... Bxb5
25. Bxd5 $14) 25. Nc3 e4 (25... c6 26. Na4 cxb5 27. Nb6 Rxc1+ 28. Rxc1 Rd8 29.
Rc7 $36) 26. Bf1 c5 27. bxc6 Bxc6 28. d4 (28. Na4 Nd7 $10) 28... g5 29. Na4 Nd7
30. Bd2 Bf6 31. Nc5 Nxc5 32. Rxc5 f4 33. a6 f3 34. Qc2 bxa6 35. Rxa6 Rxa6 36.
Bxa6 Qh3 37. Bf1 Qd7 1/2-1/2

[Event "Mulhouse GM"]
[Site "Mulhouse"]
[Date "2004.07.05"]
[Round "6"]
[White "Serafimov, Tervel"]
[Black "Mitkov, Nikola"]
[Result "0-1"]
[WhiteElo "2377"]
[BlackElo "2520"]
[Annotator "Ribli,Z"]
[PlyCount "92"]
[EventDate "2004.06.30"]
[EventType "tourn"]
[EventRounds "9"]
[EventCountry "FRA"]
[EventCategory "9"]
[SourceTitle "CBM 103"]
[Source "ChessBase"]
[SourceDate "2004.11.11"]
[SourceVersion "1"]
[SourceVersionDate "2004.11.11"]
[SourceQuality "1"]

1. c4 e5 2. Nc3 Nc6 3. g3 Bc5 4. Bg2 d6 {Eine genügsame Fortsetzung.} ({
Gewöhnlich spielt Schwarz hier} 4... Nf6 {und nach} 5. e3 d5 $5 {erhält er
taktische Gegenchancen, z.B.} 6. cxd5 ({oder} 6. Nxd5 Nxd5 7. cxd5 Nb4) 6...
Nb4) 5. e3 Nge7 6. Nge2 {Weiss folgt der sogenannten Philidor-Regel und
entwickelt seine Figuren hinter den Bauern.} (6. d3 O-O 7. Nge2 Bg4 8. O-O f5
9. h3 Bh5 10. a3 a6 11. b4 Ba7 12. Bd2 Qd7 13. b5 {Blanco Acevedo,M-Pacheco,H/
Valencia 2000/ 1-0 (46)}) 6... a6 (6... Bg4 7. h3 Bh5 8. a3 a5 9. g4 Bg6 10. d4
exd4 11. exd4 Ba7 12. Be3 f5 13. Nf4 Qd7 14. Nb5 {Contin,D-Fischer,J/ Velden
1994/ 1-0 (34)}) 7. O-O (7. a3 Ba7 8. b4 Be6 9. Nd5 Qd7 10. Bb2 Nd8 11. d4 {
Donchenko,A-Schuette,M/ Bad Zwesten 2003/ 1-0 (45)}) 7... O-O 8. d3 {Statt
dieser Fortsetzung erscheint mir 8.d4 logischer.} (8. a3 Ba7 9. b4 Ng6 10. Nd5
Nce7 11. Bb2 c6 12. Nxe7+ Qxe7 13. d4 Bg4 14. d5 {Svebis,M-Mizik,T/ Hungary
2000/ 1-0 (33)}) (8. d4 $14) 8... Ba7 9. Rb1 Be6 10. Nd5 {Weiss besetzt das
wichtige Zentrumsfeld d5.} (10. b4 d5 11. cxd5 Nxd5 12. b5 axb5 13. Rxb5 Nxc3
14. Nxc3 $14) 10... Qd7 11. b4 (11. Nec3 $14) 11... Nd8 {Der Springer räumt
das Feld c6, um eventuell später ...c7-c6 und/oder ...Nf7 spielen zu können.}
12. d4 (12. a4 Nxd5 13. cxd5 Bh3 $11) 12... Nxd5 (12... exd4 13. Nxd4 $14 (13.
exd4 Nxd5 14. cxd5 Bh3 $15)) 13. cxd5 Bg4 (13... Bh3 14. Bb2 Re8 15. dxe5 dxe5
16. Rc1 Bxg2 17. Kxg2 f6 18. e4 Nf7 $11) 14. dxe5 dxe5 15. Qc2 (15. Bb2 f6 16.
Qc2 Nf7 $11) 15... f6 $11 {[%cal Gd8f7,Gf7d6][%mdl 32] Schwarz bereitet das
Springermanöver 16...Nf7 und 17...Nd6 vor. Die weisse Stellung scheint wegen
des Bauern d5 aktiver zu sein, doch hat auch Schwarz aktives Figurenspiel.} 16.
Nc3 Nf7 17. Kh1 Nd6 {[%csl Gd6] Der Springer hat nun das gute Blockadefeld d6
besetzt.} 18. f3 (18. e4 Bh3 $11) 18... Bh3 19. Na4 {[%cal Ga4c5,Gc5e6]} Bxg2+
20. Kxg2 Qf7 21. e4 (21. Rd1 e4 22. fxe4 Rae8) 21... f5 $36 22. Bb2 b5 $1 {
Auf diese Weise sichert sich Schwarz das gute Vorpostenfeld c4 für seinen
Springer.} 23. Nc5 Nc4 {[%csl Gc4][%cal Rc4e3,Re3f1,Re3g2,Re3c2]} 24. Qe2 (24.
Bc1 c6 25. dxc6 Bxc5 26. bxc5 Rac8 $17) 24... Bxc5 25. bxc5 Qe7 26. c6 Rf7 27.
Bc3 h6 28. Kh1 fxe4 29. Qxe4 $6 (29. fxe4 Raf8 30. Rxf7 Qxf7 $15) 29... Qa3 $1
$15 {[%csl Ga3,Gc4,Gf7][%mdl 2048] Die schwarze Figurenkoordination ist
ausgezeichnet.} 30. Bxe5 $6 {Weiss opfert in dieser schweren Stellung die
Qualität.} (30. Qd3 Raf8 $15) 30... Nd2 {[%cal Rd2e4,Rd2f1,Rd2b1]} (30... Re8
31. f4 Nd2 $17) 31. Qe2 Nxb1 32. Rxb1 Rd8 $17 33. Rd1 Qc5 34. Qe4 Qf2 35. f4 (
35. a3) 35... Qxa2 36. f5 Qf2 37. g4 Re8 38. Bd4 Rxe4 (38... Qf1+ 39. Rxf1 Rxe4
40. Bb6 Rxg4 $19 (40... cxb6 $19)) 39. Bxf2 Rxg4 $19 {Mit der Qualität und
einem Bauern mehr steht Schwarz auf Gewinn.} 40. Bg3 Rc4 41. Bxc7 Rxc7 42. d6
R4xc6 (42... R7xc6 43. d7 Rc8 $19) 43. dxc7 Rxc7 44. Rd8+ Kf7 45. Ra8 Rc6 46.
Kg2 Rf6 0-1

[Event "Reykjavik zt"]
[Site "Reykjavik"]
[Date "1995.??.??"]
[Round "3"]
[White "Petursson, Margeir"]
[Black "Gausel, Einar"]
[Result "1-0"]
[WhiteElo "2535"]
[BlackElo "2490"]
[Annotator "Ribli,Z"]
[PlyCount "57"]
[EventDate "1995.03.??"]
[EventType "swiss"]
[EventRounds "11"]
[EventCountry "ISL"]
[SourceTitle "CBM 047"]
[Source "ChessBase"]
[SourceDate "1995.08.01"]
[SourceVersion "1"]
[SourceVersionDate "1995.08.01"]
[SourceQuality "1"]

1. c4 {Petursson} e5 2. Nc3 d6 3. g3 Nc6 4. Bg2 g6 5. e3 Bg7 6. Nge2 h5 {
Schwarz waehlt eine agressive Fortsetzung. In Betracht kommt 6...Nge7 oder 6...
f5 auch.} 7. d4 h4 (7... exd4 $6 8. exd4 h4 9. Be3 Kf8 10. Qd2 Bf5 (10... Nge7
$5 {Seirawan}) 11. Nf4 Qd7 12. O-O-O $14 {Seirawan,Y-Nikolic,P/Wijk/1995/CBM45/
INF62,21/}) 8. d5 h3 $6 {Schwarz sollte mit diesem Vorstoss noch warten.} (8...
Nce7 $5 9. e4 Bg4 10. Qd3 Nf6 11. Bg5 h3 12. Bf3 Qd7 13. O-O Nh7 14. Bd2 Bxf3
15. Qxf3 a6 16. b4 f5 17. exf5 O-O $13 {Serper,G-Finkel,A/EUCup f Lyon/1994/
CBM45/}) (8... Nb8 $5 9. e4 Bg4 10. Qd3 Nd7 11. Be3 h3 12. Bf1 f5 13. O-O-O
Ngf6 14. exf5 Bxf5 15. Qd2 Ng4 $13 {Ruck,R-Horvath,C/Hun-ch/1995/CBM46/}) 9.
Bf1 Nce7 10. e4 f5 11. Ng1 $1 f4 $6 {Das ist eine Neurung, die aber nicht
besonders gut ist.} (11... fxe4 12. Nxe4 $14 {Weiss hat einen kleinen Vorteil,
weil sein Springer auf e4 sehr aktiv ist. Portisch,L-Yusupov,L/Indonasia/1983/
INF36,27/} (12. Nxe4 {Petursson} Nf6 13. Bd3 (13. Ng5 b5 $5 $13 (13... c6))
13... c6 14. Bg5 Nxe4 15. Bxe4 Bf5 $13 {Portisch-Yusupov, Indonesia 1983})) 12.
gxf4 exf4 13. Bxf4 Nf6 14. Qd2 Rh5 15. O-O-O {Schwarz hat keine ausreichende
Kompensation fuer den Bauern.} Kf7 16. Nf3 Bg4 17. Ng5+ Rxg5 (17... Kg8 18. Be2
$16 {Schwarz hat grosse Schwierigkeiten mit dem e6-Punkt.}) 18. Bxg5 Bxd1 19.
Qxd1 Qd7 20. Rg1 $1 {Dieser Zug hat zwei Ziele: 1.Weiss verhindert den
Damentausch (...Qg4). 2.Der Turm soll spaeter am Angriff teilnehmen.} Rh8 21.
Qf3 Rh5 {Droht Rg5,Bh6.} 22. Kc2 Neg8 23. Bd3 $1 Kf8 {[#]} 24. e5 $1 {Jetzt
kommt der Anziehende mit einem vernichtenden Angriff.} dxe5 25. Bxg6 Rh8 26.
Ne4 Qa4+ 27. Kb1 Ke7 28. Qf5 Rh6 29. Qe6+ (29. Qe6+ {Petursson} Kd8 30. Qxg8+ {
mate in 4} (30. Nc5 {mate in 3})) 1-0

[Event "United Insurance 4th"]
[Site "Dhaka"]
[Date "1999.02.19"]
[Round "1"]
[White "Rahman, Ziaur"]
[Black "Short, Nigel D"]
[Result "0-1"]
[WhiteElo "2498"]
[BlackElo "2697"]
[Annotator "Ribli,Z"]
[PlyCount "68"]
[EventDate "1999.02.19"]
[EventType "tourn"]
[EventRounds "13"]
[EventCountry "BAN"]
[EventCategory "10"]
[SourceTitle "CBM 070"]
[Source "ChessBase"]
[SourceDate "1999.06.08"]
[SourceVersion "1"]
[SourceVersionDate "1999.06.08"]
[SourceQuality "1"]

{[%mdl 576]} 1. c4 e5 2. Nc3 d6 3. g3 {Ich glaube, 3.Nf3 oder 3.d4 sind die
prinzipiellen Fortsetzungen. Ribli.} Be6 {Schwarz spielt eine relativ seltene
Variante. Sein Plan ist ...Qd7 und - wenn möglich -...Bh3 mit Tausch der
Läufer.} 4. Bg2 Nc6 5. d3 Qd7 6. Rb1 g6 {Es ist für Schwarz besser, 7.b4
zuzulassen, denn nach 6...a5?! sind die Linienöffnungen am Damenflügel
vorteilhaft für Weiß.} (6... a5 $6 7. a3 g6 8. b4 axb4 9. axb4 $14) 7. b4 Bg7
8. Nd5 {Weiß muß sich eigentlich mit 8.b5 nicht beeilen, wenngleich dies auch
sofort gut spielbar wäre. Nachdem Schwarz aber b4-b5 nicht verhindern kann,
verbessert Weiß zunächst die Springerstellung. Schwarz kann inzwischen
allerdings mit ...c7-c6 und ...Ne7 den Vorstoß ...d6-d5 vorbereiten.} (8. b5
Nd8 9. a4 (9. e3 Ne7 10. Nd5 O-O (10... Nc8 11. Ne2 (11. Ba3 a6 12. bxa6 Rxa6
13. Qc1 O-O 14. Ne2 c6 15. Ndc3 Bh3 16. O-O Bxg2 17. Kxg2 Ne6 18. Rb3 f5 19. f3
Rf7 {1/2-1/2 Alterman,B-Svidler,P/Haifa 1996/CBM 54 (19)}) 11... c6 12. bxc6
bxc6 13. h3 O-O 14. Qc2 f6 15. Ndc3 Ne7 16. Ba3 Nf7 17. Qb3 Rac8 18. Qb4 Rfe8
19. h4 h5 20. O-O g5 21. hxg5 fxg5 22. Rfd1 Ng6 {1/2-1/2 Yusupov,A-Ehlvest,J/
Reykjavik 1988/Inf 46 (22)}) 11. Ne2 Nxd5 12. cxd5 Bh3 13. O-O Bxg2 14. Kxg2 a6
15. b6 c5 16. f4 f5 17. fxe5 Bxe5 18. Bb2 Re8 {0-1 Ledger,A-Short,N/Port Erin
1998/CBM 67 ext (42)}) (9. Nd5 c6 10. bxc6 bxc6 11. Nc3 Ne7 12. Nf3 Bh3 $2 13.
Bxh3 Qxh3 14. Ne4 Nc8 15. Rg1 $1 Qd7 (15... h5 {>= Conquest,S}) 16. g4 $1 $16 {
1-0 Kaidanov,G-Conquest,S/Protvino 1988/Inf 46/[Kaidanov,G] (38)}) 9... Ne7 10.
Nd5 (10. a5 d5 $5 11. cxd5 Nxd5 12. Ne4 b6 $5 13. Bd2 $13) 10... O-O 11. e3 Nc8
12. Ba3 f5 (12... c6 13. bxc6 bxc6 14. Nc3 f5 15. Nce2 g5 16. Nh3 Qe7 17. f4 g4
18. Nf2 e4 19. dxe4 Bxc4 20. O-O {1-0 Reizniece,D-Werner,I/Zagan 1997/CBM 59
ext (45)}) 13. a5 c6 14. Nc3 f4 $6 (14... g5 $5) 15. Nf3 $1 fxe3 $2 (15... h6
16. Nd2 g5 17. a6 bxa6 18. bxc6 Nxc6 19. Qa4 N8e7 20. Nde4 Bh3 $5 $14) 16. fxe3
Bh6 17. Qe2 $16 a6 (17... Qc7 18. a6 bxa6 19. bxc6 Nxc6 20. O-O $16) 18. bxc6
Nxc6 19. O-O $1 Nxa5 20. Ne4 Bf5 $2 (20... Nc6 21. Nfg5 $16) 21. Nxe5 $1 Qe8 (
21... dxe5 22. Bxf8 Kxf8 23. g4 $18) 22. Nxd6 $1 Qxe5 23. Nxf5 {1-0 Gelfand,
B-Vladimirov,E/Moskva (GMA) 1990/Inf 49/[Gelfand,B] (23)}) 8... Nd8 9. e4 (9.
b5 {Mit diesem Zug kann Weiß zu den Hauptvarianten übergehen.} c6 10. bxc6 bxc6
11. Nc3 $14) 9... c6 10. Ne3 Ne7 11. Ne2 (11. Nf3 Bh3 (11... d5 12. cxd5 cxd5
13. Ng5) 12. Bxh3 Qxh3 13. b5 $14) 11... d5 $11 {Der schwarze Springer steht
zwar unglücklich auf d8, aber Schwarz ist stark im Zentrum. Es ist fraglich,
ob der weiße Springer auf e3 gut steht.} (11... O-O 12. Nc3 f5 $13) 12. O-O d4
(12... O-O) 13. Nc2 f6 {[%cal Gd8f7] Schwarz festigt seine Bauernkette und
schafft seinem Springer das Feld f7.} (13... b5 $5 14. cxb5 cxb5 15. a3 Rc8 $15
) 14. Na1 {[%cal Ga1b3,Gb3c5]} Nf7 15. a4 (15. Nb3 b6 16. f4 $13) 15... O-O 16.
Nb3 b6 17. Kh1 {Weiß macht g1 für den Springer frei.} Rac8 (17... Bh3) (17...
Rae8) 18. Ra1 {Der weiße Plan ist klar. Er will mit a4-a5 die a-Linie öffnen.}
(18. f4 $13) 18... f5 $5 {Schwarz hat Raumvorteil im Zentrum und möchte jetzt
das Spiel am Königsflügel öffnen.} 19. exf5 Bxf5 (19... gxf5 $5 20. f4 e4) 20.
Ng1 (20. f4 $5) 20... g5 $5 $15 {Ein vielseitiger Zug. Schwarz macht das Feld
g6 für den Springer frei und nimmt 21.f4 an Kraft.} 21. b5 (21. f4 exf4 22.
gxf4 gxf4 (22... g4 $5) 23. Bxf4 Ng6 $15) 21... c5 22. a5 e4 $5 {Schwarz
opfert einen Bauern für aktives Spiel im Zentrum und am Königsflügel.} 23. axb6
axb6 24. Ra6 $6 {Weiß beschäftigt sich nicht mit dem e4-Bauern. Ich glaube, es
wäre besser, das Opfer anzunehmen.} (24. dxe4 Be6 {[%csl Rc4]} 25. Nd2 Ne5 26.
Qb3 N7g6 {[%csl Gd4,Ge5]} 27. Ngf3 Nxf3 28. Nxf3 h6 29. Nd2 Qf7 30. Bb2 Ne5 31.
Rac1 g4 $44) (24. Bxe4 Bxe4+ 25. dxe4 Nd6 {[%csl Rc4,Re4][%cal Rd6c4,Rd6e4]}
26. Nd2 Ng6 27. f3 Ne5 28. Qb3 Qf7 29. Ra4 Qg6 30. h3 h5 $44 31. Ra6 g4 32. f4
$6 Nxe4 $17) 24... Ne5 25. Bxg5 (25. dxe4 Be6 26. Bxg5 (26. Rxb6 Bxc4 27. Re1
Nd3 $19 {[%cal Rd3e1,Rd3f2,Rf2h1,Rf2d1]}) 26... Bxc4 $15 (26... Nxc4 $15))
25... Nxd3 26. Rxb6 Ng6 $17 {[%csl Gd3,Gd4,Ge4] Schwarz hat einen Bauern
weniger, aber sein Übergewicht im Zentrum ist mehr als ausreichende
Kompensation. Der Springer steht ausgezeichnet auf d3.} 27. Nd2 Rce8 28. h3 e3
$1 {Schwarz hat keine Angst von 29.Bc6. Der e3-Bauer entscheidet die Partie.}
29. Bc6 (29. fxe3 dxe3 30. Bc6 Nf2+ 31. Rxf2 exf2 32. Bxd7 Re1 $19) 29... Nxf2+
$1 {[%cal Rf2h1,Rf2d1]} 30. Rxf2 exf2 $19 31. Ngf3 (31. Bxd7 Re1 $19) 31... Qc7
{[%cal Rc7g3,Rc7b6]} 32. Bxe8 Rxe8 {Schwarz steht jetzt vor der bequemen Wahl
unter vielen guten Möglichkeiten.} (32... Qxb6 $19) (32... Qxg3 {[%csl Rh1]}
33. Bxg6 (33. Bc6 Bxh3 $19) 33... Bxh3 $19) 33. Rxg6 Qxg3 $1 {[%csl Rh1] Der
weiße König befindet sich im Mattnetz.} 34. Rxg7+ Kxg7 {Und Weiß gab auf.
Gegen 35...Re1 kann er nichts machen.} 0-1